000 00877 a2200265 4500
005 20251201112011.0
008 251201b |||||||| |||| 00| 0 eng d
020 _a9789350688212 (pbk)
037 _cTB
040 _aCRL
_cCRL
041 _2pun
_apun
084 _aO33,2N38x 153Q4
_qCRL
100 _aਪਾਤਰ, ਸੁਰਜੀਤ / Patar, Surjit
_9848505
245 _aਇੱਛਾਧਾਰੀ
246 _a Ichhadhari
260 _bLokgeeet Parkasan
_c2014
300 _a67p.
365 _b 125.00
_cINR
650 _2Literature
650 _2Natak
650 _2kanarese Literature
700 _aਪਾਤਰ , ਸੁਰਜੀਤ
_eਅਨੁਵਾਦਕ
_9853646
942 _cTB
_2CC
_n0
_hO33,2N38x 153Q4
999 _c1464794
_d1464794